000 00876cam2a220022900 4500
001 tmp15716682
003 UPRA
005 20190823083452.0
008 951010s1961 my eng u
035 _a(Sirsi) r53575
035 _a(UPRA)tmp15716682
040 _cUPRA
110 2 _aMalayan Nature Society.
_6A12308.1
245 1 0 _aNature conservation in Western Malaysia, 1961 /
_cedited by J. Wyatt-Smith and P.R. Wycherley.
260 _a[Kuala Lumpur :
_bMalayan Nature Society,
_c1961]
500 _aAn issue to mark the occasion of the twenty-first anniversary of the founding of the Malayan Nature Society 1940-1961.
504 _aIncludes bibliographies.
651 0 _aMalaya -- Natural history.
_xMalaya -- Natural history.
_6S8472.1
700 2 _aWyatt-Smith, J.
_6A12309.1
949 _aQH81
_wlcc
_i33729000316401
_mMAIN
_p2500
_tBOOK
_lON-SHELF
004 53575
999 _c139748
_d139748